| 000 | 00496nam a2200181 a 4500 | ||
|---|---|---|---|
| 001 | 2191 | ||
| 003 | CDMR | ||
| 005 | 20131007163045.0 | ||
| 008 | 130130s1982||||||||||||||||||||||||||||d | ||
| 020 | _a8423202062 | ||
| 040 |
_aCDMR _bcat _cCDMR |
||
| 100 | 1 |
_aCosta i Oller, Francesc _91630 |
|
| 245 | 1 | 3 |
_aLa premsa a MatarĂ³, 1820-1980 _cFrancesc Costa i Oller |
| 260 |
_aMatarĂ³ _bCaixa d'Estalvis Laitena |
||
| 260 |
_aBarcelona _c1982 _bRafael Dalmau |
||
| 300 | _a393, [11] p. | ||
| 942 |
_cMON _2udc |
||
| 999 |
_c2191 _d2191 |
||